| 000 -LEADER |
| fixed length control field |
nam a22 a 4500 |
| 003 - CONTROL NUMBER IDENTIFIER |
| control field |
AKMAL |
| 005 - DATE AND TIME OF LATEST TRANSACTION |
| control field |
20170511091226.0 |
| 008 - FIXED-LENGTH DATA ELEMENTS--GENERAL INFORMATION |
| fixed length control field |
170511s2006 my a e | 001 0 may d |
| 020 ## - INTERNATIONAL STANDARD BOOK NUMBER |
| International Standard Book Number |
9831004124 (kkt.) : |
| Terms of availability |
RM35.00 |
| 020 ## - INTERNATIONAL STANDARD BOOK NUMBER |
| International Standard Book Number |
9789831004333 (kkt.) : |
| Terms of availability |
RM35.00 |
| 039 #9 - LEVEL OF BIBLIOGRAPHIC CONTROL AND CODING DETAIL [OBSOLETE] |
| Level of rules in bibliographic description |
200802210918 |
| Level of effort used to assign nonsubject heading access points |
azma |
| Level of effort used to assign subject headings |
200802201258 |
| Level of effort used to assign classification |
nooraini |
| Level of effort used to assign subject headings |
200801231209 |
| Level of effort used to assign classification |
norsyahiza |
| Level of effort used to assign subject headings |
200709201724 |
| Level of effort used to assign classification |
jalil |
| 040 ## - CATALOGING SOURCE |
| Original cataloging agency |
AKMAL |
| Transcribing agency |
AKMAL |
| 043 ## - GEOGRAPHIC AREA CODE |
| Geographic area code |
a-my--- |
| 049 ## - LOCAL HOLDINGS (OCLC) |
| Holding library |
klpmal |
| 082 04 - DEWEY DECIMAL CLASSIFICATION NUMBER |
| Classification number |
327.595 FAR |
| Edition number |
22 |
| 090 20 - LOCALLY ASSIGNED LC-TYPE CALL NUMBER (OCLC); LOCAL CALL NUMBER (RLIN) |
| Classification number (OCLC) (R) ; Classification number, CALL (RLIN) (NR) |
327.595 |
| Local cutter number (OCLC) ; Book number/undivided call number, CALL (RLIN) |
FAR |
| 090 00 - LOCALLY ASSIGNED LC-TYPE CALL NUMBER (OCLC); LOCAL CALL NUMBER (RLIN) |
| Classification number (OCLC) (R) ; Classification number, CALL (RLIN) (NR) |
327.595 |
| Local cutter number (OCLC) ; Book number/undivided call number, CALL (RLIN) |
FAR |
| 100 0# - MAIN ENTRY--PERSONAL NAME |
| Personal name |
Faridah Jaafar |
| 9 (RLIN) |
3136 |
| 245 10 - TITLE STATEMENT |
| Title |
Perdana Menteri dan dasar luar Malaysia : |
| Remainder of title |
1957-2005 / |
| Statement of responsibility, etc. |
Faridah Jaafar |
| 260 ## - PUBLICATION, DISTRIBUTION, ETC. |
| Place of publication, distribution, etc. |
Kuala Lumpur : |
| Name of publisher, distributor, etc. |
Penerbit Universiti Malaya, |
| Date of publication, distribution, etc. |
2006 |
| 300 ## - PHYSICAL DESCRIPTION |
| Extent |
xix, 250ms. : |
| Other physical details |
il. ; |
| Dimensions |
23cm. |
| 500 ## - GENERAL NOTE |
| General note |
Mengandungi indeks |
| 504 ## - BIBLIOGRAPHY, ETC. NOTE |
| Bibliography, etc. note |
Bibliografi: ms. 217-236 |
| 650 10 - SUBJECT ADDED ENTRY--TOPICAL TERM |
| Topical term or geographic name entry element |
Prime ministers |
| Geographic subdivision |
Malaysia |
| Chronological subdivision |
1957-2005 |
| 9 (RLIN) |
3137 |
| 651 #0 - SUBJECT ADDED ENTRY--GEOGRAPHIC NAME |
| Geographic name |
Malaysia |
| General subdivision |
Foreign relations |
| Chronological subdivision |
1957-2005 |
| 9 (RLIN) |
3138 |
| 651 #0 - SUBJECT ADDED ENTRY--GEOGRAPHIC NAME |
| Geographic name |
Malaysia |
| General subdivision |
Politics and government |
| Chronological subdivision |
1957-2005 |
| 9 (RLIN) |
3139 |
| 942 ## - ADDED ENTRY ELEMENTS (KOHA) |
| Source of classification or shelving scheme |
|
| Koha item type |
Book |